Arabs - Sudden Death - Statistics

General Stats
  • This quiz has been taken 232 times
  • The average score is 3 of 16
Answers on the Grid
Answers color-coded by a green-red scale on the quiz's grid according to % correct below.
Salman bin Abdulaziz
Saddam Hussein
Imran Khan
Carlos Slim
Jamal Crawford
Cleopatra
Saladin
Salma Hayek
Pokimane
Tupac Shakur
Zinedine Zidane
Kareem Abdul-Jabbar
Eminem
Akbar
Chingis Khan
DJ Khaled
el-Hajj Malik el-Shabazz
Abdel Fattah el-Sisi
Shakira
Jamal Khashoggi
Muammar Gaddafi
Rami Malek
Sheikh Hasina
Brett Favre
Bella Hadid
Yitzhak Rabin
Jerry Seinfeld
Al-Khwarizmi
Steve Jobs
Islam Makhachev
Farah Pahlavi
Nora Fatehi
 
Answer Stats
Answer % Correct
Saddam Hussein
86%
Salman bin Abdulaziz
68%
Muammar Gaddafi
20%
Rami Malek
19%
DJ Khaled
16%
Zinedine Zidane
16%
Bella Hadid
15%
Salma Hayek
15%
Abdel Fattah el-Sisi
13%
Carlos Slim
9%
Jamal Khashoggi
9%
Steve Jobs
9%
Pokimane
7%
Shakira
7%
Nora Fatehi
4%
Jerry Seinfeld
1%
No matching quizzes found
Score Distribution
Percent of People with Each Score
Percentile by Number Answered
Your Score History
You have not taken this quiz